Peptide Synthesis: (Record no. 590138)

000 -LEADER
fixed length control field 00421nam a22001577a 4500
003 - CONTROL NUMBER IDENTIFIER
control field NUST
005 - DATE AND TIME OF LATEST TRANSACTION
control field 20220607115634.0
008 - FIXED-LENGTH DATA ELEMENTS--GENERAL INFORMATION
fixed length control field 220607b ||||| |||| 00| 0 eng d
020 ## - INTERNATIONAL STANDARD BOOK NUMBER
International Standard Book Number 978-1-0716-0226-3
038 ## - RECORD CONTENT LICENSOR
Staff Name Muzammil
082 ## - DEWEY DECIMAL CLASSIFICATION NUMBER
Classification number 572.65
Author Mark HUS
245 ## - TITLE STATEMENT
Title Peptide Synthesis:
Remainder of title methods and protocols\
Statement of responsibility, etc. Waleed M. Hussein.
260 ## - PUBLICATION, DISTRIBUTION, ETC.
Place of publication, distribution, etc. Australia,
Name of publisher, distributor, etc. Humana Press,
Date of publication, distribution, etc. 2020.
300 ## - PHYSICAL DESCRIPTION
Extent xi,338p.;
942 ## - ADDED ENTRY ELEMENTS (KOHA)
Source of classification or shelving scheme
Koha item type Book
Holdings
Withdrawn status Lost status Source of classification or shelving scheme Damaged status Not for loan Permanent Location Current Location Shelving location Date acquired Total Checkouts Full call number Barcode Date last seen Price effective from Koha item type
          School of Mechanical & Manufacturing Engineering (SMME) School of Mechanical & Manufacturing Engineering (SMME) General Stacks 06/07/2022   572.65 HUS SMME-3735 06/07/2022 06/07/2022 Book
© 2023 Central Library, National University of Sciences and Technology. All Rights Reserved.